| 000 | 01095cam a2200325Mi 4500 | ||
|---|---|---|---|
| 001 | 72673 | ||
| 005 | 20230410105325.0 | ||
| 008 | 031107s2003 fr g 000 1 fre d | ||
| 035 | _a(OCoLC)ocn402347853 | ||
| 040 |
_aFRBML _bfre _cFRBML _dOCLCQ |
||
| 020 | _a2707139904 (Br) | ||
| 020 | _a9782707139900 (Br) | ||
| 029 | 1 |
_aZWZ _b074216694 |
|
| 035 | _a(OCoLC)402347853 | ||
| 050 | 1 | 4 |
_aH 8 _bC697 |
| 100 | 1 |
_aSerge, Victor, _d1890-1947. |
|
| 245 | 1 | 3 |
_aLe tropique et le Nord : _bl'hópital de Léningrad et autres nouvelles / _cVictor Serge. |
| 260 |
_aParis : _bLa Découverte, _c2003. |
||
| 300 |
_a158 p. ; _c19 cm. |
||
| 490 | 1 |
_aCollection Découverte poche ; _vn . 150 |
|
| 774 | 0 | 8 |
_iPiece-analytic: _tLe séisme |
| 774 | 0 | 8 |
_iPiece-analytic: _tL'hópital de Léningrad |
| 774 | 0 | 8 |
_iPiece-analytic: _tMer blanche |
| 774 | 0 | 8 |
_iPiece-analytic: _tL'impasse Saint-Barnabé |
| 830 | 0 |
_aCollection Découverte Poche / Littérature et voyages ; _vn . 150 |
|
| 886 | 2 |
_2unimarc _a801 _b3 _aFR _bElectre _c20030523 _gAFNOR |
|
| 942 |
_2lcc _cbk |
||
| 946 | _amjcruz | ||
| 994 |
_aC0 _bDRFGD |
||
| 999 |
_c34401 _d34401 |
||